000 01567cam a2200373 a 4500
999 _c84332
_d321609
001 12438303
003 OSt
005 20221101152443.0
008 010611s2002 nyua b 001 0 eng
020 _a9780071353977
040 _aMa-Un
_cMa-Un
082 0 0 _a610.73
_221
_bLMT
100 1 _aLeininger, Madeleine M.
_919866
245 1 0 _aTranscultural nursing :
_bconcepts, theories, research and practice /
_cMadeleine Leininger, Marilyn R. McFarland.
250 _a3rd ed.
260 _aNew York :
_bMcGraw-Hill, Medical Pub. Division,
_cc2002.
300 _axxi, 621 p. :
_bill. (some col.) ;
_c24 cm.
500 _aRev. ed. of: Transcultural nursing. 2nd ed. c1995.
504 _aIncludes bibliographical references and index.
650 0 _aTranscultural nursing.
_9109775
650 1 2 _aTranscultural Nursing.
_9109776
650 2 2 _aCross-Cultural Comparison.
_919867
650 2 2 _aCultural Diversity.
_9109777
650 2 2 _aPhilosophy, Nursing.
_913648
700 1 _aMcFarland, Marilyn R.
_919868
856 4 2 _uhttp://www.loc.gov/catdir/description/mh021/2001042559.html
856 4 1 _uhttp://www.loc.gov/catdir/toc/mh021/2001042559.html
856 4 2 _uhttp://www.loc.gov/catdir/enhancements/fy0739/2001042559-b.html
942 _2ddc
_cBOOK
730 0 _aTranscultural nursing.
_919869
906 _a7
_bcbc
_corignew
_d1
_eocip
_f20
_gy-gencatlg